[Event "EU-ch U18 19th"]
[Site "Fermo"]
[Date "2009.09.08"]
[Round "8"]
[White "Dvornicen, Ivan"]
[Black "Palmitessa, Andrea"]
[Result "1/2-1/2"]
[WhiteElo "1859"]
[BlackElo "1736"]
[PlyCount "106"]
[EventDate "2009.08.31"]
[EventType "swiss"]
[EventRounds "9"]
[EventCountry "ITA"]
[SourceTitle "CBM 132 Extra"]
[Source "ChessBase"]
[SourceDate "2009.11.03"]
[SourceVersion "1"]
[SourceVersionDate "2009.11.03"]
[SourceQuality "1"]

1. c4 e6 2. d4 d5 3. Nf3 Nf6 4. Bf4 Bd6 5. Bxd6 Qxd6 6. Nbd2 Nbd7 7. e3 0-0 8. Be2 e5 9. dxe5 Nxe5 10. 0-0 Bg4 11. Nxe5 Bxe2 12. Nxf7 Rxf7 13. Qxe2 d4 14. exd4 Qxd4 15. Nb3 Qb6 16. c5 Qc6 17. Qc4 b6 18. Rac1 Qd5 19. Rfd1 Qxc4 20. Rxc4 Re8 21. cxb6 cxb6 22. Rc2 Rfe7 23. Kf1 Kf7 24. f3 Nh5 25. Rcd2 Rc8 26. Nc1 Rec7 27. Ne2 Nf6 28. Kf2 Rc2 29. Nc3 Rxd2+ 30. Rxd2 Rc7 31. Nb5 Re7 32. Nd6+ Kg6 33. Nb5 a6 34. Nc3 Re6 35. Ne2 Rc6 36. Nf4+ Kg5 37. g3 b5 38. Ke3 Ne8 39. h4+ Kf6 40. Kf2 Nd6 41. Nd5+ Kf7 42. Ne3 Nc4 43. Nxc4 bxc4 44. g4 c3 45. bxc3 Rxc3 46. Kg3 Ra3 47. g5 Kg6 48. Kg4 h5+ 49. gxh6 Kxh6 50. h5 Ra5 51. f4 Ra4 52. Rd8 Kh7 53. Rd2 Kh6 1/2-1/2

[Event "ITA-ch U20"]
[Site "Castione"]
[Date "2009.08.26"]
[Round "6"]
[White "Delledonne, Francesco"]
[Black "Palmitessa, Andrea"]
[Result "1-0"]
[WhiteElo "1936"]
[BlackElo "1605"]
[PlyCount "67"]
[EventDate "2009.08.21"]
[EventType "swiss"]
[EventRounds "9"]
[EventCountry "ITA"]
[SourceTitle "EXT 2011"]
[Source "ChessBase"]
[SourceDate "2010.11.26"]
[SourceVersion "1"]
[SourceVersionDate "2010.11.26"]
[SourceQuality "1"]

1. e4 e5 2. Nf3 Nc6 3. Bb5 a6 4. Ba4 Nf6 5. 0-0 Be7 6. Re1 b5 7. Bb3 0-0 8. c3 d6 9. h3 Bb7 10. d4 exd4 11. cxd4 Na5 12. Bc2 c5 13. Nbd2 Qb6 14. d5 Nd7 15. a4 Bf6 16. Nh2 Ne5 17. Ng4 Nxg4 18. hxg4 Bc8 19. Re3 Bd7 20. Rh3 h6 21. Qf3 Bg5 22. Qg3 Nb7 23. Kh1 Qd8 24. f4 Bf6 25. Nf3 Re8 26. Rh5 g6 27. Rxh6 Kg7 28. g5 Be7 29. b3 Rg8 30. Bb2+ Kf8 31. Qh4 Ke8 32. Rh8 Rf8 33. Bf6 Bc8 34. Rxf8+ 1-0

[Event "ITA-ch U20"]
[Site "Castione"]
[Date "2009.08.23"]
[Round "3"]
[White "Palmitessa, Andrea"]
[Black "De Filomeno, Simone"]
[Result "0-1"]
[WhiteElo "1605"]
[BlackElo "2221"]
[PlyCount "64"]
[EventDate "2009.08.21"]
[EventType "swiss"]
[EventRounds "9"]
[EventCountry "ITA"]
[SourceTitle "EXT 2011"]
[Source "ChessBase"]
[SourceDate "2010.11.26"]
[SourceVersion "1"]
[SourceVersionDate "2010.11.26"]
[SourceQuality "1"]

1. e4 c5 2. Nc3 Nc6 3. f4 g6 4. Nf3 Bg7 5. g3 d6 6. Bg2 e6 7. 0-0 Nge7 8. d3 0-0 9. Be3 b6 10. h3 Bb7 11. g4 d5 12. Bd2 dxe4 13. dxe4 Nd4 14. Rb1 Nxf3+ 15. Bxf3 Qd4+ 16. Kg2 Rad8 17. Be1 Ba6 18. Rf2 Nc6 19. Rd2 Qe3 20. Rxd8 Rxd8 21. Qc1 Bf1+ 22. Kxf1 Qxf3+ 23. Bf2 Qxh3+ 24. Kg1 Qxg4+ 25. Kh2 Bh6 26. Be3 Nd4 27. Qf1 Nxc2 28. Bc1 Nd4 29. Be3 Nf3+ 30. Kh1 Bxf4 31. Bxf4 Qxf4 32. Qh3 Rd2 0-1

[Event "ITA-ch U20"]
[Site "Bratto"]
[Date "2006.08.26"]
[Round "8"]
[White "Bernardini, Luca"]
[Black "Palmitessa, Andrea"]
[Result "1-0"]
[WhiteElo "1826"]
[BlackElo "1512"]
[PlyCount "59"]
[EventDate "2006.08.19"]
[EventType "swiss"]
[EventRounds "9"]
[EventCountry "ITA"]
[SourceTitle "CBM 113 Extra"]
[Source "ChessBase"]
[SourceDate "2006.09.14"]
[SourceVersion "1"]
[SourceVersionDate "2006.09.14"]
[SourceQuality "1"]

1. e4 e5 2. d4 exd4 3. Qxd4 Nc6 4. Qe3 d6 5. Nc3 Be6 6. Bd2 Nf6 7. Be2 Be7 8. 0-0-0 Qd7 9. f4 Bg4 10. Nf3 Bxf3 11. Bxf3 Qe6 12. h3 a6 13. g4 h6 14. Kb1 Rd8 15. g5 hxg5 16. fxg5 Nd7 17. Nd5 Rc8 18. Bg4 Qg6 19. h4 f6 20. Bf5 Qh5 21. Nf4 Qxd1+ 22. Rxd1 Rxh4 23. Bg6+ Kf8 24. Ne6+ Kg8 25. Be1 Rh1 26. Qf3 Rh2 27. Bg3 Nde5 28. Qb3 Rg2 29. Nc5+ Kf8 30. Nd7+ 1-0

[Event "ITA-ch U20"]
[Site "Bratto"]
[Date "2006.08.19"]
[Round "1"]
[White "Palmitessa, Andrea"]
[Black "Locci, Damiano"]
[Result "0-1"]
[WhiteElo "1518"]
[BlackElo "1976"]
[PlyCount "138"]
[EventDate "2006.08.19"]
[EventType "swiss"]
[EventRounds "9"]
[EventCountry "ITA"]
[SourceTitle "CBM 113 Extra"]
[Source "ChessBase"]
[SourceDate "2006.09.14"]
[SourceVersion "1"]
[SourceVersionDate "2006.09.14"]
[SourceQuality "1"]

1. e4 g6 2. Nf3 Bg7 3. d4 d6 4. Be3 a6 5. Bd3 Nd7 6. c3 b6 7. Nbd2 Bb7 8. Qb3 e6 9. Bg5 Ne7 10. 0-0 0-0 11. Rfe1 h6 12. Bh4 Re8 13. Rad1 c6 14. Nc4 Qc7 15. Bg3 Nc8 16. e5 d5 17. Ne3 c5 18. Qc2 cxd4 19. cxd4 Qxc2 20. Bxc2 Ne7 21. Bb3 Nc6 22. a3 Rac8 23. Rc1 Na5 24. Ba2 b5 25. b3 Bf8 26. b4 Rxc1 27. Rxc1 Nc4 28. Rc3 Rc8 29. Nc2 Ncxe5 30. Rxc8 Nxf3+ 31. gxf3 Bxc8 32. Bc7 Bg7 33. f4 Nf6 34. Kg2 Ne4 35. Bb3 Bf6 36. Be5 Be7 37. f3 Nd2 38. Ba2 Nc4 39. Kf2 f6 40. Bc7 Bd6 41. Bxd6 Nxd6 42. Bb3 Nc4 43. a4 Nd2 44. Ba2 bxa4 45. Ke2 Nc4 46. Bxc4 dxc4 47. Kd2 Bd7 48. Kc3 Bb5 49. Ne3 Kf7 50. Ng4 h5 51. Ne3 Ke7 52. Ng2 Bc6 53. Ne3 Bxf3 54. Nxc4 g5 55. fxg5 fxg5 56. Nb2 Bc6 57. Nd3 Kf6 58. Nc5 Bb5 59. Ne4+ Kf5 60. Nc5 g4 61. Kd2 h4 62. Ke3 a3 63. Nb3 Bc4 64. Na1 a2 65. Nc2 Bb3 66. Na1 Bd5 67. Nc2 g3 68. hxg3 h3 69. Kf2 h2 0-1